Můžou superhrdinové nosit brýle? / napsala Soňa G. Lutherová ; ilustroval Martin Krkošek ; ze slovenského originálu Môžu superhrdinovia nosiť okuliare? ... přeložila Jana Pátková
Record details
- ISBN: 978-80-00-07194-7
- Physical Description: 57 stran : barevné ilustrace ; 18 x 25 cm
- Edition: 1. vydání
- Publisher: V Praze : Albatros, 2023
Content descriptions
| Target Audience Note: | Pro čtenáře od 5 let |
Search for related items by subject
| Genre: | slovenské příběhy publikace pro děti Slovak stories children's literature |
Available copies
- 1 of 1 copy available at Common Catalog SPOK.
Holds
- 0 current holds with 1 total copy.
Show Only Available Copies
| Location | Call Number / Copy Notes | Barcode | Shelving Location | Status | Due Date |
|---|---|---|---|---|---|
| Jabok Library | BL-4.1 | 424480045396 | Beletrie | Available | - |
| LDR | 01654nam a2200433 i 4500 | ||
|---|---|---|---|
| 001 | 56829 | ||
| 003 | CZ-PrJAB | ||
| 005 | 20231121100604.0 | ||
| 007 | ta | ||
| 008 | 231023s2023 xr a b 000 j cze | ||
| 015 | . | ‡acnb003556334 | |
| 020 | . | ‡a978-80-00-07194-7 ‡q(vázáno) : ‡cKč 349,00 | |
| 035 | . | ‡a(CZ PrNK)nkc20233556334 | |
| 040 | . | ‡aABG001 ‡bcze ‡dABA001 ‡erda | |
| 041 | 1 | . | ‡acze ‡hslo |
| 072 | 7. | ‡a821.162.4 ‡xSlovenská literatura ‡2Konspekt ‡925 | |
| 072 | 7. | ‡a821-93 ‡xLiteratura pro děti a mládež (beletrie) ‡2Konspekt ‡926 | |
| 080 | . | ‡a821.162.4-32 ‡2MRF | |
| 080 | . | ‡a821-93 ‡2MRF | |
| 080 | . | ‡a(0:82-32) ‡2MRF | |
| 100 | 1 | . | ‡aLutherová, Soňa G., ‡d1982- ‡7jo20181007343 ‡4aut |
| 240 | 1 | 0. | ‡aMôžu superhrdinovia nosiť okuliare?. ‡lČesky |
| 245 | 1 | 0. | ‡aMůžou superhrdinové nosit brýle? / ‡cnapsala Soňa G. Lutherová ; ilustroval Martin Krkošek ; ze slovenského originálu Môžu superhrdinovia nosiť okuliare? ... přeložila Jana Pátková |
| 250 | . | ‡a1. vydání | |
| 264 | 1. | ‡aV Praze : ‡bAlbatros, ‡c2023 | |
| 300 | . | ‡a57 stran : ‡bbarevné ilustrace ; ‡c18 x 25 cm | |
| 336 | . | ‡atext ‡btxt ‡2rdacontent | |
| 337 | . | ‡abez média ‡bn ‡2rdamedia | |
| 338 | . | ‡asvazek ‡bnc ‡2rdacarrier | |
| 521 | 8 | . | ‡aPro čtenáře od 5 let |
| 655 | 7. | ‡aslovenské příběhy ‡7fd183398 ‡2czenas | |
| 655 | 7. | ‡apublikace pro děti ‡7fd133156 ‡2czenas | |
| 655 | 9. | ‡aSlovak stories ‡2eczenas | |
| 655 | 9. | ‡achildren's literature ‡2eczenas | |
| 700 | 1 | . | ‡aKrkošek, Martin, ‡d1979- ‡7mzk2005271895 ‡4ill |
| 700 | 1 | . | ‡aPátková, Jana, ‡d1973- ‡7js20080718004 ‡4trl |
| 910 | . | ‡aABG312 | |
| 995 | . | ‡aska | |
| 901 | . | ‡a56829 ‡bAUTOGEN ‡c56829 ‡tbiblio | |